[Event "Bogota AlphaZero op"]
[Site "Bogota"]
[Date "2018.08.20"]
[Round "6"]
[White "Bejarano, Danny Andres"]
[Black "Acosta, Alejandro"]
[Result "1/2-1/2"]
[WhiteElo "2063"]
[BlackElo "2292"]
[PlyCount "61"]
[EventDate "2018.08.17"]
[EventType "swiss"]
[EventRounds "7"]
[EventCountry "COL"]
[SourceTitle "CBM 186 Extra"]
[Source "ChessBase"]
[SourceDate "2018.08.24"]
[SourceVersion "1"]
[SourceVersionDate "2018.08.24"]
[SourceQuality "1"]

1. e4 c5 2. d4 cxd4 3. c3 Nf6 4. e5 Nd5 5. cxd4 d6 6. Nf3 Nc6 7. Bc4 dxe5 8. Nxe5 Nxe5 9. dxe5 e6 10. 0-0 Be7 11. Qg4 g6 12. Bh6 Qc7 13. Bb5+ Bd7 14. Bxd7+ Qxd7 15. Rc1 Bf8 16. Bxf8 Kxf8 17. Nc3 Kg7 18. Rd1 Rhd8 19. Ne4 Qa4 20. Qf3 b6 21. Nf6 Qf4 22. Nxd5 Qxf3 23. gxf3 Rxd5 24. Rxd5 exd5 25. Rd1 Rd8 26. f4 Kf8 27. f3 Ke7 28. Kf2 Ke6 29. Rc1 d4 30. Rc6+ Kd5 31. Rc7 1/2-1/2

[Event "Bogota AlphaZero op"]
[Site "Bogota"]
[Date "2018.08.19"]
[Round "5"]
[White "Acosta, Alejandro"]
[Black "Ruiz Aguilar, Pablo Alexander"]
[Result "1/2-1/2"]
[WhiteElo "2292"]
[BlackElo "2158"]
[PlyCount "62"]
[EventDate "2018.08.17"]
[EventType "swiss"]
[EventRounds "7"]
[EventCountry "COL"]
[SourceTitle "CBM 186 Extra"]
[Source "ChessBase"]
[SourceDate "2018.08.24"]
[SourceVersion "1"]
[SourceVersionDate "2018.08.24"]
[SourceQuality "1"]

1. e4 c5 2. Nf3 e6 3. d4 cxd4 4. Nxd4 a6 5. Nc3 Qc7 6. f4 b5 7. Bd3 Bb7 8. Qe2 Nf6 9. e5 b4 10. Ncb5 axb5 11. exf6 gxf6 12. Nxb5 Qc6 13. Be3 Na6 14. 0-0 Rg8 15. Rf2 Nc5 16. Nd4 Qd5 17. Bc4 Qe4 18. Nb5 Rc8 19. c3 Qf5 20. cxb4 Ne4 21. Rf3 Rxc4 22. Qxc4 Rxg2+ 23. Kf1 Rg1+ 24. Kxg1 Qg4+ 25. Rg3 Nxg3 26. hxg3 Qxg3+ 27. Kf1 Qxe3 28. Rd1 Qf3+ 29. Ke1 Qe3+ 30. Kf1 Qf3+ 31. Ke1 Bxb4+ 1/2-1/2

[Event "Bogota Millonario op"]
[Site "Bogota"]
[Date "2015.12.19"]
[Round "4"]
[White "Acosta, Alejandro"]
[Black "Cori Tello, Deysi Estella"]
[Result "1/2-1/2"]
[WhiteElo "2292"]
[BlackElo "2425"]
[PlyCount "37"]
[EventDate "2015.12.18"]
[EventType "swiss"]
[EventRounds "9"]
[EventCountry "COL"]
[SourceTitle "EXT 2017"]
[Source "ChessBase"]
[SourceDate "2016.10.25"]
[SourceVersion "1"]
[SourceVersionDate "2016.10.25"]
[SourceQuality "1"]

1. e4 e6 2. d4 c5 3. Nf3 a6 4. Nc3 b5 5. dxc5 Bxc5 6. e5 d5 7. exd6 Qxd6 8. Qxd6 Bxd6 9. Ne4 Bc7 10. Be3 Ne7 11. a4 bxa4 12. Bc5 Nd7 13. Nd6+ Bxd6 14. Bxd6 Nb6 15. Bc5 Rb8 16. Bd6 Ra8 17. Bc5 Nd7 18. Bd6 Nb6 19. Bc5 1/2-1/2

[Event "Bogota Millonario op"]
[Site "Bogota"]
[Date "2015.12.19"]
[Round "3"]
[White "Magas Varas, Rodrigo"]
[Black "Acosta, Alejandro"]
[Result "0-1"]
[WhiteElo "2101"]
[BlackElo "2292"]
[PlyCount "106"]
[EventDate "2015.12.18"]
[EventType "swiss"]
[EventRounds "9"]
[EventCountry "COL"]
[SourceTitle "EXT 2017"]
[Source "ChessBase"]
[SourceDate "2016.10.25"]
[SourceVersion "1"]
[SourceVersionDate "2016.10.25"]
[SourceQuality "1"]

1. e4 c5 2. b3 g6 3. Bb2 Nf6 4. Qf3 d6 5. Bb5+ Nbd7 6. Nc3 Bg7 7. Nge2 0-0 8. Bxd7 Nxd7 9. 0-0-0 Rb8 10. Qg3 e5 11. Nd5 b5 12. h4 Bb7 13. h5 Bxd5 14. exd5 Nf6 15. hxg6 fxg6 16. f4 Rb7 17. Qh3 Qd7 18. fxe5 dxe5 19. Qxd7 Rxd7 20. Bxe5 Rxd5 21. d4 cxd4 22. Bxd4 Rfd8 23. c3 a6 24. Bxf6 Bxf6 25. Rxd5 Rxd5 26. Rd1 Re5 27. Kd2 h5 28. Ke1 Bh4+ 29. Kf1 Re6 30. g3 Bg5 31. Rd3 Kf7 32. Kf2 Ke7 33. Nd4 Rd6 34. Ke2 Kd7 35. Nf3 Bf6 36. c4 bxc4 37. bxc4 Rxd3 38. Kxd3 Kd6 39. Ke4 Kc5 40. Kd3 a5 41. Nd2 Be5 42. Ne4+ Kb4 43. c5 Kb5 44. a4+ Kc6 45. Kc4 Bc7 46. Kd4 g5 47. Nxg5 Bxg3 48. Nh3 h4 49. Kc4 Bb8 50. Ng1 Bf4 51. Nf3 h3 52. Nd4+ Kb7 53. c6+ Kb6 0-1

[Event "Bogota Navidad op"]
[Site "Bogota"]
[Date "2014.12.07"]
[Round "7"]
[White "Gutierrez, Ramon"]
[Black "Acosta, Alejandro"]
[Result "1/2-1/2"]
[WhiteElo "2136"]
[BlackElo "2323"]
[PlyCount "83"]
[EventDate "2014.12.04"]
[EventType "swiss"]
[EventRounds "9"]
[EventCountry "COL"]
[SourceTitle "CBM 163 Extra"]
[Source "ChessBase"]
[SourceDate "2014.12.23"]
[SourceVersion "1"]
[SourceVersionDate "2014.12.23"]
[SourceQuality "1"]

1. e4 c5 2. Nf3 Nc6 3. b4 cxb4 4. d4 d5 5. exd5 Qxd5 6. c4 bxc3 7. Nxc3 Qa5 8. Bd2 Nf6 9. Bb5 e6 10. d5 exd5 11. Nxd5 Qd8 12. Nxf6+ Qxf6 13. 0-0 Be7 14. Re1 h6 15. Qe2 Be6 16. Ne5 0-0 17. Bxc6 bxc6 18. Nxc6 Ba3 19. Qa6 Bc5 20. Be3 Bxe3 21. fxe3 Rfe8 22. Nd4 Qg5 23. Nf3 Qh5 24. Rac1 Bg4 25. Nd4 Qg5 26. Qa3 Re5 27. Rc3 Rd8 28. Qc1 Rd6 29. Rf1 Bh3 30. Rf2 Rf6 31. Qd2 Rxf2 32. Qxf2 Qg6 33. Qc2 Rg5 34. Qxg6 Rxg6 35. Rc2 Kf8 36. Kf1 Be6 37. Nxe6+ Rxe6 38. Rc8+ Ke7 39. Rc7+ Kf6 40. Rxa7 Rxe3 41. Kf2 Rc3 42. a4 1/2-1/2

[Event "Bogota Navidad op"]
[Site "Bogota"]
[Date "2014.12.05"]
[Round "3"]
[White "Martinez, Mauricio"]
[Black "Acosta, Alejandro"]
[Result "0-1"]
[WhiteElo "1995"]
[BlackElo "2323"]
[PlyCount "122"]
[EventDate "2014.12.04"]
[EventType "swiss"]
[EventRounds "9"]
[EventCountry "COL"]
[SourceTitle "CBM 163 Extra"]
[Source "ChessBase"]
[SourceDate "2014.12.23"]
[SourceVersion "1"]
[SourceVersionDate "2014.12.23"]
[SourceQuality "1"]

1. d4 Nf6 2. Nf3 g6 3. c3 Bg7 4. Nbd2 d6 5. g3 0-0 6. Bg2 Nbd7 7. 0-0 e5 8. dxe5 dxe5 9. Nc4 Qe7 10. b3 Re8 11. Ba3 Qe6 12. Ng5 Qa6 13. Bd5 Nxd5 14. Qxd5 Qf6 15. f4 Nb6 16. Nxb6 Qxb6+ 17. Bc5 Be6 18. Nxe6 Qxe6 19. Rad1 b6 20. Qxe6 Rxe6 21. f5 Rc6 22. Ba3 Rxc3 23. fxg6 hxg6 24. Rd7 f6 25. Be7 Rc6 26. e4 a5 27. Bd8 Rc8 28. g4 Rd6 29. Rxd6 cxd6 30. Bxf6 a4 31. Be7 axb3 32. axb3 Rc3 33. b4 Rc4 34. Bxd6 Rxe4 35. h3 Rd4 36. Be7 e4 37. g5 e3 38. Kg2 Re4 39. Bf6 Bxf6 40. gxf6 Rxb4 41. f7+ Kf8 42. Rf6 g5 43. Rg6 Rb5 44. Re6 Rb2+ 45. Kf3 e2 46. Kf2 Kxf7 47. Rc6 b5 48. Rd6 Ke7 49. Rc6 b4 50. Rb6 b3 51. Ke1 Kd7 52. Rb5 Kc6 53. Rb8 Kd5 54. Rb5+ Ke4 55. Rb4+ Kf5 56. Rb8 Rb1+ 57. Kxe2 b2 58. Kd2 Rh1 59. Rxb2 Rh2+ 60. Kc1 Rxb2 61. Kxb2 Kf4 0-1

[Event "Bogota Navidad op"]
[Site "Bogota"]
[Date "2014.12.04"]
[Round "2"]
[White "Acosta, Alejandro"]
[Black "Rivera, Alberto"]
[Result "1/2-1/2"]
[WhiteElo "2323"]
[BlackElo "2324"]
[PlyCount "62"]
[EventDate "2014.12.04"]
[EventType "swiss"]
[EventRounds "9"]
[EventCountry "COL"]
[SourceTitle "CBM 163 Extra"]
[Source "ChessBase"]
[SourceDate "2014.12.23"]
[SourceVersion "1"]
[SourceVersionDate "2014.12.23"]
[SourceQuality "1"]

1. e4 e5 2. Nf3 Nc6 3. Bb5 a6 4. Ba4 Nf6 5. d4 exd4 6. 0-0 Be7 7. e5 Ne4 8. Nxd4 0-0 9. Nf5 d5 10. Bxc6 bxc6 11. Nxe7+ Qxe7 12. Re1 Re8 13. f3 Nd6 14. Bf4 f6 15. Nc3 fxe5 16. Rxe5 Be6 17. Re2 Qf8 18. Bxd6 cxd6 19. Qd3 Bd7 20. Rae1 Bf5 21. Qd2 Rab8 22. b3 Qf7 23. Kf2 Qg6 24. Rxe8+ Rxe8 25. Rxe8+ Qxe8 26. Ne2 Qe7 27. h3 Qh4+ 28. Kf1 Qe7 29. g4 Bd7 30. Kf2 Qe5 31. f4 Qe7 1/2-1/2

[Event "Bogota Verano op"]
[Site "Bogota"]
[Date "2013.08.18"]
[Round "5"]
[White "Acosta, Alejandro"]
[Black "Lozano Ramirez, Nestor Favian"]
[Result "1-0"]
[WhiteElo "2308"]
[BlackElo "2145"]
[PlyCount "49"]
[EventDate "2013.08.16"]
[EventType "swiss"]
[EventRounds "7"]
[EventCountry "COL"]
[SourceTitle "CBM 156 Extra"]
[Source "ChessBase"]
[SourceDate "2013.10.22"]
[SourceVersion "1"]
[SourceVersionDate "2013.10.22"]
[SourceQuality "1"]

1. e4 c5 2. Nc3 g6 3. d4 cxd4 4. Qxd4 Nf6 5. Bb5 Nc6 6. Bxc6 bxc6 7. e5 Nd5 8. Nxd5 cxd5 9. Qxd5 Rb8 10. e6 f6 11. exd7+ Bxd7 12. Nf3 Qc7 13. 0-0 Bc6 14. Qc4 Qb7 15. Re1 Bd5 16. Qe2 Bg7 17. c4 Bf7 18. b3 e5 19. Ba3 Rd8 20. Rad1 a6 21. Rxd8+ Kxd8 22. Qe3 Kc8 23. Bd6 Rd8 24. Qc5+ Kd7 25. Be7 1-0

[Event "Bogota Verano op"]
[Site "Bogota"]
[Date "2013.08.18"]
[Round "4"]
[White "Manrique, Fernando"]
[Black "Acosta, Alejandro"]
[Result "0-1"]
[WhiteElo "1965"]
[BlackElo "2308"]
[PlyCount "48"]
[EventDate "2013.08.16"]
[EventType "swiss"]
[EventRounds "7"]
[EventCountry "COL"]
[SourceTitle "CBM 156 Extra"]
[Source "ChessBase"]
[SourceDate "2013.10.22"]
[SourceVersion "1"]
[SourceVersionDate "2013.10.22"]
[SourceQuality "1"]

1. e4 c5 2. Nf3 d6 3. d4 cxd4 4. Nxd4 Nf6 5. Nc3 a6 6. Bg5 Nbd7 7. f4 Qc7 8. Qf3 h6 9. Bxf6 Nxf6 10. 0-0-0 Bg4 11. Nd5 Nxd5 12. Qxg4 Ne3 13. Qf3 Nxd1 14. Qxd1 e5 15. Ne2 Be7 16. f5 d5 17. exd5 e4 18. Nc3 0-0 19. Qg4 Rac8 20. Qxe4 Bg5+ 21. Kd1 Rfe8 22. Qb4 Qe5 23. Bd3 Rxc3 24. Qxc3 Qe3 0-1

[Event "Bogota Verano op"]
[Site "Bogota"]
[Date "2013.08.16"]
[Round "1"]
[White "Acosta, Alejandro"]
[Black "Ribero, Guillermo Andres"]
[Result "1/2-1/2"]
[WhiteElo "2308"]
[BlackElo "1777"]
[PlyCount "42"]
[EventDate "2013.08.16"]
[EventType "swiss"]
[EventRounds "7"]
[EventCountry "COL"]
[SourceTitle "CBM 156 Extra"]
[Source "ChessBase"]
[SourceDate "2013.10.22"]
[SourceVersion "1"]
[SourceVersionDate "2013.10.22"]
[SourceQuality "1"]

1. e4 c5 2. Nc3 Nc6 3. Nge2 Nf6 4. d4 cxd4 5. Nxd4 d6 6. Bg5 Qa5 7. Bxf6 gxf6 8. Nb3 Qe5 9. g3 Rg8 10. f4 Qe6 11. Nd4 Qg4 12. Be2 Qh3 13. Ndb5 Rxg3 14. Nc7+ Kd8 15. Nxa8 Rxc3 16. bxc3 Qh4+ 17. Kf1 Bh3+ 18. Kg1 Qxf4 19. Qd3 Qg5+ 20. Qg3 Qc5+ 21. Qf2 Qg5+ 1/2-1/2

[Event "Bogota District final"]
[Site "Bogota"]
[Date "2013.04.11"]
[Round "1"]
[White "Pinzon, Jairo David"]
[Black "Acosta, Alejandro"]
[Result "0-1"]
[WhiteElo "2206"]
[BlackElo "2304"]
[PlyCount "70"]
[EventDate "2013.04.11"]
[EventType "tourn"]
[EventRounds "9"]
[EventCountry "COL"]
[SourceTitle "EXT 2018"]
[Source "ChessBase"]
[SourceDate "2017.10.13"]
[SourceVersion "1"]
[SourceVersionDate "2017.10.13"]
[SourceQuality "1"]

1. c4 c6 2. e4 d5 3. cxd5 cxd5 4. e5 Nc6 5. d4 Bf5 6. Bd3 Bxd3 7. Qxd3 e6 8. Ne2 Qb6 9. Nbc3 Nge7 10. 0-0 Rd8 11. Na4 Qc7 12. Bd2 Nf5 13. Rac1 Be7 14. b4 Qd7 15. b5 Nb4 16. Bxb4 Bxb4 17. Nc5 Qe7 18. a3 Ba5 19. Nb3 Bb6 20. Ra1 0-0 21. a4 Rc8 22. a5 Bd8 23. Ng3 Nxg3 24. hxg3 b6 25. axb6 Bxb6 26. Na5 Bxa5 27. Rxa5 Rc4 28. Rb1 Rfc8 29. Qa3 Qg5 30. f4 Qg6 31. Rd1 Rc3 32. Qb2 Rc2 33. Qb3 R8c3 34. Rxa7 h5 35. Ra3 Qe4 0-1

[Event "Pamplona IRT rap op"]
[Site "Pamplona"]
[Date "2012.11.10"]
[Round "11"]
[White "Barros, Raul Junior"]
[Black "Acosta, Alejandro"]
[Result "1-0"]
[WhiteElo "2217"]
[BlackElo "2302"]
[PlyCount "47"]
[EventDate "2012.11.09"]
[EventType "swiss"]
[EventRounds "11"]
[EventCountry "COL"]
[SourceTitle "CBM 151 Extra"]
[Source "ChessBase"]
[SourceDate "2012.12.18"]
[SourceVersion "1"]
[SourceVersionDate "2012.12.18"]
[SourceQuality "1"]

1. e4 c5 2. Nf3 e6 3. d4 cxd4 4. Nxd4 Nf6 5. Nc3 d6 6. Be2 Nc6 7. Be3 Be7 8. 0-0 0-0 9. Kh1 a6 10. f4 Qc7 11. Bf3 Rb8 12. Qe1 Bd7 13. Rd1 b5 14. Qg3 Nxd4 15. Bxd4 b4 16. e5 Ne8 17. Ne4 d5 18. Nf6+ Bxf6 19. exf6 g6 20. Be5 Nd6 21. f5 Rb6 22. Qg5 Rc8 23. Qh6 Nxf5 24. Bxc7 1-0

[Event "Pamplona IRT rap op"]
[Site "Pamplona"]
[Date "2012.11.10"]
[Round "7"]
[White "Polo, Victor Ramon"]
[Black "Acosta, Alejandro"]
[Result "1/2-1/2"]
[WhiteElo "2171"]
[BlackElo "2302"]
[PlyCount "41"]
[EventDate "2012.11.09"]
[EventType "swiss"]
[EventRounds "11"]
[EventCountry "COL"]
[SourceTitle "CBM 151 Extra"]
[Source "ChessBase"]
[SourceDate "2012.12.18"]
[SourceVersion "1"]
[SourceVersionDate "2012.12.18"]
[SourceQuality "1"]

1. d4 d5 2. Bf4 Nf6 3. e3 c5 4. c3 Nc6 5. Nd2 Qb6 6. Qb3 c4 7. Qxb6 axb6 8. a3 b5 9. Rc1 Bf5 10. h3 Nd7 11. g4 Bg6 12. Bg2 e6 13. Bg3 Nb6 14. e4 Na4 15. Rc2 b4 16. axb4 Bxb4 17. Ne2 Be7 18. Nf4 Nb6 19. 0-0 0-0 20. Nxg6 hxg6 21. Bc7 1/2-1/2

[Event "Pamplona IRT rap op"]
[Site "Pamplona"]
[Date "2012.11.10"]
[Round "9"]
[White "Saladen Dulce, Rafael"]
[Black "Acosta, Alejandro"]
[Result "0-1"]
[WhiteElo "2212"]
[BlackElo "2302"]
[PlyCount "60"]
[EventDate "2012.11.09"]
[EventType "swiss"]
[EventRounds "11"]
[EventCountry "COL"]
[SourceTitle "CBM 151 Extra"]
[Source "ChessBase"]
[SourceDate "2012.12.18"]
[SourceVersion "1"]
[SourceVersionDate "2012.12.18"]
[SourceQuality "1"]

1. d4 d5 2. c4 c6 3. Nc3 e6 4. Nf3 dxc4 5. a4 Bb4 6. e3 b5 7. Be2 Bb7 8. 0-0 a6 9. Ne5 Nd7 10. f4 Ngf6 11. Bf3 Qb6 12. Kh1 0-0 13. e4 Rfd8 14. Be3 c5 15. axb5 axb5 16. Rxa8 Bxa8 17. Nxd7 Rxd7 18. e5 Bxf3 19. Qxf3 cxd4 20. exf6 dxe3 21. Ne4 g6 22. Ra1 Rd8 23. h4 h5 24. g4 hxg4 25. Qxg4 Qd4 26. Qg2 Qd5 27. Qf3 Qd3 28. h5 e2 29. Qg2 Qd1+ 30. Kh2 e1Q 0-1

[Event "Pamplona IRT blitz op"]
[Site "Pamplona"]
[Date "2012.11.04"]
[Round "17.7"]
[White "Acosta, Alejandro"]
[Black "Arenas Vanegas, David"]
[Result "0-1"]
[WhiteElo "2346"]
[BlackElo "2443"]
[PlyCount "68"]
[EventDate "2012.11.04"]
[EventType "swiss (blitz)"]
[EventRounds "18"]
[EventCountry "COL"]
[SourceTitle "EXT 2024"]
[Source "ChessBase"]
[SourceDate "2023.10.10"]
[SourceVersion "1"]
[SourceVersionDate "2023.10.10"]
[SourceQuality "1"]

1. e4 c5 2. Nc3 g6 3. d4 cxd4 4. Qxd4 Nf6 5. e5 Nc6 6. Qf4 Ng8 7. Bc4 f6 8. Nf3 Bg7 9. exf6 Nxf6 10. 0-0 e6 11. Qh4 0-0 12. Bg5 d5 13. Bb3 a6 14. Rad1 Qc7 15. Rfe1 Bd7 16. Bf4 Qa5 17. Bd6 Rfe8 18. Ne5 Nxe5 19. Bxe5 Rf8 20. Re3 Rf7 21. Ne2 Ne4 22. Bxg7 Kxg7 23. f3 Qc5 24. Nd4 e5 25. fxe4 exd4 26. Red3 dxe4 27. Rxd4 Rf6 28. c3 Bc6 29. h3 Rd8 30. Qe1 Rxd4 31. cxd4 Qf5 32. d5 Bb5 33. Qe3 Qe5 34. Qd4 Rf1+ 0-1

[Event "Pamplona IRT blitz op"]
[Site "Pamplona"]
[Date "2012.11.04"]
[Round "9.7"]
[White "Zuluaga Mancilla, Cesar"]
[Black "Acosta, Alejandro"]
[Result "0-1"]
[WhiteElo "2396"]
[BlackElo "2346"]
[PlyCount "94"]
[EventDate "2012.11.04"]
[EventType "swiss (blitz)"]
[EventRounds "18"]
[EventCountry "COL"]
[SourceTitle "EXT 2024"]
[Source "ChessBase"]
[SourceDate "2023.10.10"]
[SourceVersion "1"]
[SourceVersionDate "2023.10.10"]
[SourceQuality "1"]

1. d4 d5 2. Nf3 c5 3. e3 cxd4 4. exd4 Nc6 5. c3 Bg4 6. Be2 Nf6 7. Qb3 Na5 8. Qa4+ Bd7 9. Qd1 a6 10. Ne5 e6 11. 0-0 Be7 12. Nd2 0-0 13. Bd3 Qb6 14. a4 Rfd8 15. f4 g6 16. Kh1 Be8 17. b4 Nc6 18. a5 Qc7 19. Nb3 Ne4 20. Bxe4 dxe4 21. Bd2 f6 22. Ng4 f5 23. Ne3 Na7 24. Nc5 Bxc5 25. bxc5 Bb5 26. Rf2 Bd3 27. Qb3 Qc6 28. Bc1 Nb5 29. Bb2 Nc7 30. c4 Ne8 31. Kg1 Ng7 32. Bc3 Rd7 33. Qb6 Rc8 34. g3 Nh5 35. Qxc6 Rxc6 36. Rb2 Kf7 37. Kf2 Nf6 38. h3 h6 39. g4 Rc8 40. Rg1 Rg8 41. Rb6 Rgd8 42. d5 Re7 43. gxf5 gxf5 44. dxe6+ Rxe6 45. Nxf5 e3+ 46. Nxe3 Ne4+ 47. Kf3 Rxb6 0-1

[Event "San Cristobal Bolivar op 1st"]
[Site "San Cristobal"]
[Date "2012.09.29"]
[Round "9"]
[White "Acosta, Alejandro"]
[Black "Murcia Pineda, Richard Javier"]
[Result "1-0"]
[WhiteElo "2333"]
[BlackElo "2116"]
[PlyCount "107"]
[EventDate "2012.09.25"]
[EventType "swiss"]
[EventRounds "10"]
[EventCountry "VEN"]
[SourceTitle "EXT 2013"]
[Source "ChessBase"]
[SourceDate "2012.11.22"]
[SourceVersion "1"]
[SourceVersionDate "2012.11.22"]
[SourceQuality "1"]

1. e4 c5 2. Nc3 Nc6 3. Nge2 g6 4. d4 cxd4 5. Nxd4 Bg7 6. Be3 d6 7. Qd2 Nf6 8. f3 0-0 9. Bc4 Nxd4 10. Bxd4 Be6 11. Bb3 Qa5 12. 0-0-0 Bxb3 13. cxb3 Rfc8 14. Kb1 b5 15. Bxf6 Bxf6 16. Nd5 Qxd2 17. Nxf6+ Kg7 18. Nh5+ gxh5 19. Rxd2 Kg6 20. h4 a6 21. Rd5 f6 22. Rhd1 Rc6 23. a4 Rb8 24. R1d2 Rcb6 25. Ka2 bxa4 26. bxa4 Rb4 27. R5d4 R4b6 28. R4d3 Kf7 29. Rc2 Ke8 30. b3 Kd7 31. Ka3 Rb4 32. Rdc3 R8b7 33. Rc7+ Ke6 34. Rxb7 Rxb7 35. Rc6 Ra7 36. Kb4 Kd7 37. Rc3 a5+ 38. Kb5 Ra8 39. Kb6 h6 40. Rd3 e6 41. f4 Ke7 42. Rc3 d5 43. Rc7+ Kd6 44. Rc6+ Kd7 45. exd5 exd5 46. Kc5 Ke7 47. Kxd5 Rb8 48. Rc7+ Kf8 49. Ke6 Rb6+ 50. Kf5 Rb4 51. Ra7 Rxb3 52. Rxa5 Rb6 53. Ra8+ Kf7 54. Ra7+ 1-0

[Event "Bogota Semana Santa op"]
[Site "Bogota"]
[Date "2012.04.05"]
[Round "4"]
[White "Pozo Vera, Sandro"]
[Black "Acosta, Alejandro"]
[Result "1-0"]
[WhiteElo "2483"]
[BlackElo "2309"]
[PlyCount "65"]
[EventDate "2012.04.04"]
[EventType "swiss"]
[EventRounds "9"]
[EventCountry "COL"]
[SourceTitle "CBM 147 Extra"]
[Source "ChessBase"]
[SourceDate "2012.04.24"]
[SourceVersion "1"]
[SourceVersionDate "2012.04.24"]
[SourceQuality "1"]

1. d4 Nf6 2. c4 e6 3. Nc3 d5 4. cxd5 exd5 5. Bg5 c6 6. e3 Be7 7. Qc2 Nbd7 8. Bd3 0-0 9. Nf3 Re8 10. h3 Nf8 11. Bf4 Bd6 12. Bxd6 Qxd6 13. 0-0-0 Be6 14. Kb1 Rac8 15. Ka1 N6d7 16. g4 b5 17. Qb1 a6 18. Bf5 Nb6 19. Ne2 g6 20. Bxe6 Nxe6 21. h4 b4 22. h5 b3 23. hxg6 hxg6 24. Rh6 Nf8 25. Rdh1 bxa2 26. Qxa2 Qf6 27. Nf4 Nc4 28. b3 Nd6 29. Ne5 Ne4 30. f3 Ng3 31. Rh8+ Kg7 32. Qh2 Qg5 33. Rh7+ 1-0

[Event "Bogota op 03"]
[Site "Bogota"]
[Date "2012.03.17"]
[Round "4"]
[White "Acosta, Alejandro"]
[Black "Ruiz Castillo, Joshua Daniel"]
[Result "1/2-1/2"]
[WhiteElo "2309"]
[BlackElo "2178"]
[PlyCount "74"]
[EventDate "2012.03.15"]
[EventType "swiss"]
[EventRounds "7"]
[EventCountry "COL"]
[SourceTitle "CBM 147 Extra"]
[Source "ChessBase"]
[SourceDate "2012.04.24"]
[SourceVersion "1"]
[SourceVersionDate "2012.04.24"]
[SourceQuality "1"]

1. e4 c5 2. Nf3 d6 3. d4 cxd4 4. Nxd4 Nf6 5. Nc3 a6 6. Be2 e5 7. Nb3 Be7 8. 0-0 0-0 9. Kh1 Be6 10. f4 exf4 11. Bxf4 Nc6 12. Qe1 Ne5 13. Rd1 Qc7 14. Nd4 Kh8 15. Qg3 b5 16. a3 Rad8 17. Bg5 Ng8 18. Bc1 Nf6 19. Nf5 Bxf5 20. Rxf5 Qc6 21. Bd3 Rfe8 22. h3 Nfd7 23. Be3 Nb6 24. Bd4 f6 25. Qf2 Nbd7 26. Nd5 Bf8 27. Qh4 Ng6 28. Qg3 Nde5 29. Rff1 Rc8 30. Bc3 Ne7 31. Ne3 Ng8 32. Nf5 g6 33. Ne3 Bg7 34. Nd5 Qb7 35. Qf2 Rb8 36. Be2 Rf8 37. Qd4 Nc6 1/2-1/2

[Event "Bogota op 03"]
[Site "Bogota"]
[Date "2012.03.17"]
[Round "5"]
[White "Santos Morales, Natalia Andrea"]
[Black "Acosta, Alejandro"]
[Result "0-1"]
[WhiteElo "2023"]
[BlackElo "2309"]
[PlyCount "126"]
[EventDate "2012.03.15"]
[EventType "swiss"]
[EventRounds "7"]
[EventCountry "COL"]
[SourceTitle "CBM 147 Extra"]
[Source "ChessBase"]
[SourceDate "2012.04.24"]
[SourceVersion "1"]
[SourceVersionDate "2012.04.24"]
[SourceQuality "1"]

1. e4 c5 2. Nf3 e6 3. d4 cxd4 4. Nxd4 a6 5. c4 Nf6 6. Nc3 Bb4 7. Bd3 Nc6 8. Nxc6 dxc6 9. Qc2 e5 10. 0-0 Bc5 11. Na4 Bd4 12. c5 Be6 13. Bg5 h6 14. Bd2 Qe7 15. Rad1 0-0 16. Ba5 Nh5 17. Bc4 Nf4 18. Bxe6 Qxe6 19. Kh1 Qg4 20. f3 Qg6 21. Bc7 Nd5 22. Bd6 Ne3 23. Qe2 Nxf1 24. Qxf1 Rfe8 25. Nb6 Ra7 26. Qe2 a5 27. f4 Qf6 28. fxe5 Bxe5 29. Nd7 Qg5 30. Nxe5 Rxe5 31. Bxe5 Qxe5 32. Rd8+ Kh7 33. Qc2 a4 34. Rd7 Ra5 35. Rxf7 Rxc5 36. Qb1 Rc4 37. Rxb7 Qf4 38. e5+ Kg8 39. Rb8+ Kf7 40. e6+ Kxe6 41. Qg6+ Kd5 42. Rd8+ Kc5 43. Rd1 Rc1 44. Qd3 Rxd1+ 45. Qxd1 Qd4 46. Qc1+ Qc4 47. Qe3+ Kb5 48. Qe5+ Qd5 49. Qe2+ Qc4 50. Qe5+ Ka6 51. h3 g5 52. Kg1 Qxa2 53. Qf6 Kb5 54. Kf1 Qb1+ 55. Ke2 Qc2+ 56. Kf1 Qc1+ 57. Ke2 c5 58. Qg7 Qc4+ 59. Ke1 Qe4+ 60. Kf1 h5 61. Qd7+ Kb4 62. Qd2+ Kc4 63. Qc3+ Kb5 0-1